| 000 | 00000nam##2200000za#4500 |
| 001 | 9.575751 |
| 003 | CaOODSP |
| 005 | 20210624184819 |
| 007 | cr ||||||||||| |
| 008 | 150406|2009||||xxc|||||o f|0| 0 eng|d |
| 040 | |aCaOODSP|beng |
| 043 | |an-cn--- |
| 086 | 1 |aTU3-5/09-26E-PDF |
| 110 | 2 |aTransportation Safety Board of Canada. |
| 245 | 10|aCollision with cable - Robinson R44 II Raven (Helicopter) C-GJMP Franquelin, Quebec, 12 November 2009 |h[electronic resource] |
| 260 | |aGatineau - Quebec : |bTransportation Safety Board of Canada |c[2009]. |
| 300 | |a13p.|bcoloured illus., references |
| 490 | 1 |aAviation investigation report |vA09Q0190 |
| 590 | |a13-08-Supp|b2013-04-02 |
| 775 | 08|tCollision avec un câble de l'hélicoptère Robinson R44 II Raven C-GJMP à Franquelin (Québec), le 12 novembre 2009 |w(CaOODSP)9.605200 |
| 830 | #0|aAviation investigation report ;|vA09Q0190|w(CaOODSP)9.504825 |
| 856 | 40|ahttp://publications.gc.ca|qPDF|s461 KB|uhttps://publications.gc.ca/collections/collection_2013/bst-tsb/TU3-5-09-26-eng.pdf|yA09Q0190 |